| 000 | 00755nam a22002177a 4500 | ||
|---|---|---|---|
| 005 | 20141015111038.0 | ||
| 010 | _aENG-111000 | ||
| 020 |
_a9789380607900 _c795.00 |
||
| 035 | _aEN-94532 | ||
| 037 | _bDBAD/PUB | ||
| 082 | _a954.035 | ||
| 245 |
_aInvoking Ambedkar : _cedited by Biswamoy Pati _bcontributions, receptions, legacies / |
||
| 260 |
_aNew Delhi _bPrimus Books _c2014 |
||
| 270 |
_aVirat Bhavan, Mukherjee Nagar Commercial Complex _bNew Delhi _e110009 |
||
| 300 |
_axii,172p. _c25cm(Hb) |
||
| 500 | _aContributed articles. | ||
| 500 | _aIncludes bibliographical references and index. | ||
| 600 |
_aAmbedkar, B. R., _d1891-1956 _xPolitical and social views. |
||
| 700 | _a Pati,Biswamoy | ||
| 942 |
_2ddc _cEN _mINV _h954.035 |
||
| 999 |
_c89146 _d89146 |
||